000 00728nam a2200289Ia 4500
005 20260324120916.0
008 008 260324s9999 xx 000 0 eng d
020 _a9781315564692
037 _aEBOOK
040 _aCRL
040 _beng
040 _cCRL
041 _2eng
041 _aeng
084 _qCRL
100 _aMike Alsop; Grahame Smith; Ed Griffin; Martin Saville
_91160438
245 2 _aA Field Guide for Organisation Development
245 0 _bTaking Theory into Practice
260 _bTaylor and Francis
260 _c2014
365 _a
365 _b230
856 _uhttp://www.taylorfrancis.com/books/9781315564692
942 _cEBOOK
999 _c1752223
_d1752223